00443nam a2200157Ia 45000010006000000050017000060080041000230410008000640820016000721000025000882450112001132600009002253000035002346500008002696540008002771396220260306164839.0260306t2004||||xx |||||||||||||| ||spa|| aESP a005.74bK55 aKimball, Ralph,eAUT 4aThe data warehouse toolkit :bpractical techniques for extracting, cleaning, confrming, and delivering data c2004 axxxiv, 491 páginas :c23 cm. aGEN aCCC